Introduction to psychology : (Record no. 1991)

MARC details
000 -LEADER
fixed length control field 00923pam a2200265 a 4500
001 - CONTROL NUMBER
control field 4853659
003 - CONTROL NUMBER IDENTIFIER
control field OSt
005 - DATE AND TIME OF LATEST TRANSACTION
control field 20190918151507.0
008 - FIXED-LENGTH DATA ELEMENTS--GENERAL INFORMATION
fixed length control field 911120s1992 mnua b 001 0 eng
010 ## - LIBRARY OF CONGRESS CONTROL NUMBER
LC control number 91044642
020 ## - INTERNATIONAL STANDARD BOOK NUMBER
International Standard Book Number 0314922113
040 ## - CATALOGING SOURCE
Original cataloging agency DLC
Transcribing agency DLC
Modifying agency DLC
050 00 - LIBRARY OF CONGRESS CALL NUMBER
Classification number BF121
Item number .C625 1992
082 00 - DEWEY DECIMAL CLASSIFICATION NUMBER
Classification number 150 CON 1992
Edition number 20
100 1# - MAIN ENTRY--PERSONAL NAME
Personal name Coon, Dennis.
9 (RLIN) 5184
245 10 - TITLE STATEMENT
Title Introduction to psychology :
Remainder of title exploration and application /
Statement of responsibility, etc. Dennis Coon.
250 ## - EDITION STATEMENT
Edition statement 6th ed.
260 ## - PUBLICATION, DISTRIBUTION, ETC. (IMPRINT)
Place of publication, distribution, etc. St. Paul :
Name of publisher, distributor, etc. West Pub. Co.,
Date of publication, distribution, etc. c1992.
300 ## - PHYSICAL DESCRIPTION
Extent 1 v. (various pagings) :
Other physical details ill. (some col.) ;
Dimensions 27 cm.
504 ## - BIBLIOGRAPHY, ETC. NOTE
Bibliography, etc Includes bibliographical references and index.
650 #0 - SUBJECT ADDED ENTRY--TOPICAL TERM
Topical term or geographic name as entry element Psychology
Form subdivision Textbooks.
9 (RLIN) 5170
906 ## - LOCAL DATA ELEMENT F, LDF (RLIN)
a 7
b cbc
c orignew
d 1
e ocip
f 19
g y-gencatlg
942 ## - ADDED ENTRY ELEMENTS (KOHA)
Source of classification or shelving scheme Dewey Decimal Classification
Koha item type Short Loan
Holdings
Withdrawn status Lost status Source of classification or shelving scheme Damaged status Not for loan Home library Current library Date acquired Inventory number Total Checkouts Full call number Barcode Date last seen Price effective from Koha item type Source of acquisition Date last checked out
    Dewey Decimal Classification     MUST Main Library MUST Main Library 05/06/2015 97/10709   150 CON 1992 2015-1781 05/06/2015 05/06/2015 Short Loan    
    Dewey Decimal Classification     MUST Main Library MUST Main Library 05/06/2015 97/10706   150 CON 1992 2015-1782 05/06/2015 05/06/2015 Short Loan    
    Dewey Decimal Classification     MUST Main Library MUST Main Library 05/06/2015 1997/10707   150 CON 1992 2015-1783 05/06/2015 05/06/2015 Short Loan    
    Dewey Decimal Classification     MUST Main Library MUST Main Library 18/09/2019 97/10708 1 150 CON 1992 2019-0459 23/04/2021 18/09/2019 Open Shelf Purchase 25/03/2021
    Dewey Decimal Classification     MUST Main Library MUST Main Library 07/02/2020 97/10713   150 CON 1992 2020-0434 07/02/2020 07/02/2020 Open Shelf Purchase